Welcome to the Holygrace Academy Library

Please use search bar below to get started

AWESOME FRIENDLY ADVENTURE (Record no. 6869)

MARC details
000 -LEADER
fixed length control field 00627nam a22001457a 4500
020 ## - INTERNATIONAL STANDARD BOOK NUMBER
ISBN 978-0-241-50140-5
082 ## - DEWEY DECIMAL CLASSIFICATION NUMBER
Classification number 823
Item number JEF/A
100 ## - MAIN ENTRY--AUTHOR NAME
Personal name JEFFERSON'S ROWLEY
245 ## - TITLE STATEMENT
Title AWESOME FRIENDLY ADVENTURE
260 ## - PUBLICATION, DISTRIBUTION, ETC. (IMPRINT)
Place of publication USA
Name of publisher PUFFIN BOOKS
Year of publication 2021
300 ## - PHYSICAL DESCRIPTION
Number of Pages 217
520 ## - SUMMARY, ETC.
Summary, etc Now as this story goes, Roland woke up one morning and found his mother was kidnapped by an evil White Warlock. Immediately Roland started his preparation for a rescue mission. He and his best friend Garg the barbarian joined forces. After an elaborate shopping spree, they set out on their treacherous journey.
650 ## - SUBJECT ADDED ENTRY--TOPICAL TERM
Topical Term SHORT STORY
942 ## - ADDED ENTRY ELEMENTS (KOHA)
Koha item type Books
Holdings
Withdrawn status Lost status Collection code Home library Current library Shelving location Date acquired Source of acquisition Cost, normal purchase price Full call number Accession Number Koha item type
    Fiction Main Library Main Library NEW SHELF WITH NEW ENTRY 26/10/2023 Purchase 350.00 823 JEF/A 13018 Books